| 000 | 01079nam a2200277 a 4500 | ||
|---|---|---|---|
| 001 | 000016066 | ||
| 003 | DO-SdBNP | ||
| 005 | 20260317092028.0 | ||
| 008 | 100224s1917 dr r 000 0 spa d | ||
| 040 |
_aDO-SdBNP _bspa _cBNPHU _erda |
||
| 082 | 4 |
_a347.729305 _bA951Li _222 |
|
| 100 | 1 |
_aLugo, Américo _d1870-1952 _981550 |
|
| 245 | 1 | 0 |
_aLitis Minier Grangera Hohlt & Co. II ; Defensa ante la Suprema Corte de Justicia de la República ; _by Sentencia de dicha Suprema Corte / _cpor Américo Lugo |
| 264 | 4 |
_aSanto Domingo : _bTipografía "El Progreso-Emiliano Espinal, _c1917. |
|
| 300 |
_a30 páginas ; _c24 cm. |
||
| 336 |
_atexto _btxt _2rdaconten |
||
| 337 |
_asin mediación _bn _2rdamedia |
||
| 338 |
_avolumen _bnc _0rdacarrier |
||
| 500 | _aIncluye notas al pie de las páginas. | ||
| 501 | _aPublicado con : Sentencia de dicha Suprema Corte | ||
| 590 | _aInventariado, 2018/LP | ||
| 650 | 4 |
_aProcedimiento civil _zRepública Dominicana _916575 |
|
| 650 | 0 |
_aDefensa (Procedimiento civil) _936215 |
|
| 910 | _aValidado. Control de calidad MFF | ||
| 942 |
_2ddc _cLF2 |
||
| 999 |
_c15607 _d15607 |
||